| 000 | 00333nam a2200097Ia 4500 | ||
|---|---|---|---|
| 008 | 200302s9999 xx 000 0 und d | ||
| 100 | _aBae cho rong ed. | ||
| 245 | _aTheme II landscape + Architecturewatrfront/resort residence rooftop garden government/public agency | ||
| 260 | _bJeong ,kwang-young archi world Co., Ltd., | ||
| 300 | _a527 | ||
| 999 |
_c6355 _d6355 |
||